Bộ luật Hình sự của nước Cộng hoà xã hội chủ nghĩa Việt Nam

Giới thiệu điều khoản cơ bản của Luật hình sự, hiệu lực của bộ luật hình sự, tội phạm, thời hiệu truy cứu trách nhiệm hình sự, miễn trách nhiệm hình sự, các biện pháp tư pháp, quyết định hình phạt...

Na minha lista:
Detalhes bibliográficos
Autor Corporativo: Việt Nam (CHXHCN). Luật lệ và sắc lệnh
Formato: Livro
Idioma:Vietnamese
Publicado em: H. Chính trị Quốc gia 2008
Assuntos:
Tags: Adicionar Tag
Sem tags, seja o primeiro a adicionar uma tag!
Thư viện lưu trữ: Mạng thư viện Đại học Đà Nẵng
LEADER 01442aam a22003378a 4500
001 000007384
003 3545
005 20120521080543.0
008 110929s2008 viesd
020 |c 25000đ  |d 2000b 
041 0 |a vie 
082 1 4 |2 14  |a 345.597  |b Bôl 
110 1 |a Việt Nam (CHXHCN). Luật lệ và sắc lệnh 
245 1 0 |a Bộ luật Hình sự của nước Cộng hoà xã hội chủ nghĩa Việt Nam 
260 |a H.  |b Chính trị Quốc gia  |c 2008 
300 |a 264 tr.  |c 19 cm. 
520 |a Giới thiệu điều khoản cơ bản của Luật hình sự, hiệu lực của bộ luật hình sự, tội phạm, thời hiệu truy cứu trách nhiệm hình sự, miễn trách nhiệm hình sự, các biện pháp tư pháp, quyết định hình phạt... 
650 7 |2 Bộ TK TVQG  |a Luật hình sự 
651 7 |2 Bộ TK TVQG  |a Việt Nam 
655 7 |2 Bộ TK TVQG  |a Văn bản pháp luật 
910 |a Huỳnh Thị Cẩm Lai  |d 29/09/2011 
OWN |a LSP 
AVA |a UDN50  |b LSP  |d 345.597 Bôl  |e available  |t Error 5001 Not defined in file expand_doc_bib_avail.  |f 5  |g 0  |h N  |i 0  |k 1 
999 |a From the UDN01 
AVA |a UDN50  |b LSP  |d 345.597 Bôl  |e available  |t Error 5001 Not defined in file expand_doc_bib_avail.  |f 5  |g 0  |h N  |i 0  |k 1 
TYP |a Monograph 
TYP |a Printed language 
980 |a Mạng thư viện Đại học Đà Nẵng